书目信息 |
| 题名: |
浪漫主义
|
|
| 作者: | 拉斯顿 著 | |
| 分册: | ||
| 出版信息: | 上海 上海外语教育出版社 2009.03 |
|
| 页数: | 165页 | |
| 开本: | 24cm | |
| 丛书名: | 外教社原版文学入门丛书 | |
| 单 册: | ||
| 中图分类: | I109.9 | |
| 科图分类: | ||
| 主题词: | 浪漫主义--高等学校--教材--英文 | |
| 电子资源: | ||
| ISBN: | 978-7-5446-1237-1 | |
| 000 | 01036nam0 2200265 450 | |
| 001 | 1036101236 | |
| 005 | 20100525100622.57 | |
| 010 | @a978-7-5446-1237-1@dCNY19.00 | |
| 100 | @a20100515d2009 km y0chiy0120 ea | |
| 101 | 0 | @achi |
| 102 | @aCN@b310000 | |
| 105 | @ay z 000yy | |
| 200 | 1 | @a浪漫主义@Alang man zhu yi@d= Romanticism@fSharon Ruston著@FSharon Ruston zhu |
| 210 | @a上海@c上海外语教育出版社@d2009.03 | |
| 215 | @a165页@d24cm | |
| 225 | 2 | @a外教社原版文学入门丛书 |
| 314 | @a责任者的汉译姓:取自版权页 | |
| 330 | @a《浪漫主义》一书介绍了浪漫主义产生的政治、经济、科学和文化背景,阐述了浪漫主义时期的主要文学形式、文学团体和他们的活动、当时的文学批评及其在今天的影响等。书末还列出了这个时期的文学大事、有关文学术语和概念及参考书目,方便读者做进一步研究。 | |
| 410 | 0 | @12001 @a外教社原版文学入门丛书 |
| 500 | 10 | @aRomanticism@mChinese |
| 606 | 0 | @a浪漫主义@x高等学校@x教材@x英文 |
| 690 | @aI109.9@v4 | |
| 701 | 1 | @a拉斯顿@Ala si dun@g(Ruston, Sharon)@4著 |
| 801 | 0 | @aCN@c20100515 |
| 905 | @dI109.9@eL007@f3 | |
| 浪漫主义= Romanticism/Sharon Ruston著.-上海:上海外语教育出版社,2009.03 |
| 165页;24cm.-(外教社原版文学入门丛书) |
| ISBN 978-7-5446-1237-1:CNY19.00 |
| 《浪漫主义》一书介绍了浪漫主义产生的政治、经济、科学和文化背景,阐述了浪漫主义时期的主要文学形式、文学团体和他们的活动、当时的文学批评及其在今天的影响等。书末还列出了这个时期的文学大事、有关文学术语和概念及参考书目,方便读者做进一步研究。 |
| ● |
| 相关链接 |
|
|
|
正题名:浪漫主义
索取号:I109.9/L007
 
预约/预借
| 序号 | 登录号 | 条形码 | 馆藏地/架位号 | 状态 | 备注 |